Statistics for Countries that Border... #1 (Tanzania)

Click here to take the quiz!

General Stats

  • This quiz has been taken 37 times
  • The average score is 7 of 8

Answer Stats

HintAnswer% Correct
4.Rwanda
95%
2.Burundi
90%
1.Kenya
90%
5.D.R. Congo
86%
3.Uganda
86%
6.Zambia
86%
7.Mozambique
81%
8.Malawi
71%

Score Distribution

Percentile by Number Answered

Percent of People with Each Score

Your Score History

You have not taken this quiz